Compartive Study Of The Radioactivity And Geochemistry Of The Upper Cretaceous Phosphate -Bearing Sediments In The Western And Eastern Sinai-Egypt / (رقم التسجيلة. 180076)

تفاصيل مارك
000 -LEADER
fixed length control field 01432namaa22003251i 4500
005 - أخر تعامل مع التسجيلة
control field 20260510133704.0
008 - FIXED-LENGTH DATA ELEMENTS--GENERAL INFORMATION
fixed length control field 260510s1994 ua a|||frm||| 000 0 eng d
040 ## - CATALOGING SOURCE
Original cataloguing agency EG-GICUC
Language of cataloging eng
Transcribing agency EG-GICUC
Modifying agency EG-GICUC
Description conventions rda
041 0# - LANGUAGE CODE
Language code of text/sound track or separate title eng
Language code of summary or abstract eng
-- ara
049 ## - Acquisition Source
Acquisition Source Deposite
097 ## - Degree
Degree Ph.D
099 ## - LOCAL FREE-TEXT CALL NUMBER (OCLC)
Local Call Number Cai01.12.15.Ph.D.1994.Fa.C.
100 0# - MAIN ENTRY--PERSONAL NAME
Authority record control number or standard number Fadia Youssef Mohamed Ahmed,
Preparation preparation.
245 10 - TITLE STATEMENT
Title Compartive Study Of The Radioactivity And Geochemistry Of The Upper Cretaceous Phosphate -Bearing Sediments In The Western And Eastern Sinai-Egypt /
Statement of responsibility, etc. By Fadia Youssef Mohamed Ahmed; Supervising Prof.Dr. H.A.Hussein, Prof.Dr. A.M.Kammar, Prof.Dr. M.M.ALy.
246 15 - VARYING FORM OF TITLE
Title proper/short title دراسة مقارنة لأشعاعية وجيوكيميائية الصخور الحاملة للفوسفات في غرب وشرق سيناء مصر /
264 #0 - PRODUCTION, PUBLICATION, DISTRIBUTION, MANUFACTURE, AND COPYRIGHT NOTICE
Date of production, publication, distribution, manufacture, or copyright notice 1994.
300 ## - PHYSICAL DESCRIPTION
Extent 205 pages :
Other physical details illustrations ;
Dimensions 30 cm. +
336 ## - CONTENT TYPE
Source rda content
Content type term text
337 ## - MEDIA TYPE
Source rdamedia
Media type term Unmediated
338 ## - CARRIER TYPE
Source rdacarrier
Carrier type term volume
502 ## - DISSERTATION NOTE
Dissertation note Thesis (Ph.D)-Cairo University, 1994.
504 ## - BIBLIOGRAPHY, ETC. NOTE
Bibliography, etc. note Bibliography: pages 181-205.
653 #0 - INDEX TERM--UNCONTROLLED
Uncontrolled term Geology
700 0# - ADDED ENTRY--PERSONAL NAME
Personal name H.A.Hussein
Relator term thesis advisor.
700 0# - ADDED ENTRY--PERSONAL NAME
Personal name A.M.Kammar
Relator term thesis advisor.
700 0# - ADDED ENTRY--PERSONAL NAME
Personal name M.M.ALy
Relator term thesis advisor.
900 ## - Thesis Information
Department Department of Geology
Faculties Faculty of Science
Universities Cairo University
Grant date 1994
Supervisory body H.A.Hussein
-- A.M.Kammar
-- M.M.ALy
905 ## - Cataloger and Reviser Names
Cataloger Name Eman El gebaly
942 ## - ADDED ENTRY ELEMENTS (KOHA)
Source of classification or shelving scheme Dewey Decimal Classification
Koha item type Thesis
Edition 21
Suppress in OPAC No
المقتنيات
Source of classification or shelving scheme Home library Current library Date acquired Inventory number Full call number Barcode Date last seen Effective from Koha item type
Dewey Decimal Classification المكتبة المركزبة الجديدة - جامعة القاهرة مكتبة المئوية 10.05.2026 26099 Cai01.12.15.Ph.D.1994.Fa.C. 01010110026099000 10.05.2026 10.05.2026 Thesis
Cairo University Libraries Portal Implemented & Customized by: Eng. M. Mohamady Contacts: new-lib@cl.cu.edu.eg | cnul@cl.cu.edu.eg
CUCL logo CNUL logo
© All rights reserved — Cairo University Libraries
CUCL logo
Implemented & Customized by: Eng. M. Mohamady Contact: new-lib@cl.cu.edu.eg © All rights reserved — New Central Library
CNUL logo
Implemented & Customized by: Eng. M. Mohamady Contact: cnul@cl.cu.edu.eg © All rights reserved — Cairo National University Library